000 01500naa a22004337a 4500
001 BR7908057
003 BR-BrBNA
005 20240918174519.0
007 ta
008 230509b bl.||||| |||| 00| 0 por d
040 _aBR-BrBNA
_bpor
_cBiblioteca Nacional de Agricultura
041 _a(Pt)
072 _aL73; L72; L70
_b5214
_b4100
_b4010
090 _aL73 BR7908057
100 1 _aIshizuka, M.M.
111 1 _a2. Simposio sobre Pecuaria Leiteira
_cSao Jose dos Campos, SP (Brazil)
_d27-29 Nov 1978
245 1 _aProgramas higienico-sanitarios para bovinos leiteiros
260 3 _aCampinas, SP (Brasil):
_c1979.
500 _aLucci, C. de S.; Moura, J.C. de; Santos, J.M. dos (eds.) Anais do 2. Simposio sobre Pecuaria Leiteira Campinas, SP (Brasil): 1979. p. 249-322 (BR7908057-AM)L73
650 _aGADO LEITEIRO
650 _aHIGIENE
650 _aPARTO
650 _aPRENHEZ
650 _aINSPECAO SANITARIA
650 _aCOLIBACILOSE
650 _aPNEUMONIA
650 _aANAPLASMOSE
650 _aVERMINOSE
650 _aCOCCIDIOSE
650 _aBRUCELOSE
650 _aTUBERCULOSE
650 _aMAMITE
650 _aSINTOMA
650 _aDIAGNOSTICO
650 _aPROFILAXIA
773 0 _tAnais do 2. Simposio sobre Pecuaria Leiteira
_aLucci, C. de S.; Moura, J.C. de; Santos, J.M. dos (eds.). Fundacao Cargill, Campinas, SP (Brasil)
_wL73 BR7908057
_gCampinas, SP (Brasil), 1979. p. 249-322
909 _a202404
_bLucia
_c55
_dLucia Elande
942 _cAM
_2AGRIS
999 _c311709
_d311709